书目信息 |
| 题名: |
大领悟
|
|
| 作者: | 赵树钢 著 | |
| 分册: | ||
| 出版信息: | 郑州 河南人民出版社 2003.09 |
|
| 页数: | 211页 | |
| 开本: | 20cm | |
| 丛书名: | ||
| 单 册: | ||
| 中图分类: | F270-49 | |
| 科图分类: | ||
| 主题词: | 企业经济 | |
| 电子资源: | ||
| ISBN: | 7-215-05287-7 | |
| 000 | 00588nam0 2200205 45 | |
| 001 | 0439558090 | |
| 005 | 2004042310591809 | |
| 010 | @a7-215-05287-7@dCNY 18.00 | |
| 100 | @a20040423d2003 km y0chiy0120 ea | |
| 101 | 0 | @achi |
| 102 | @aCN@b410000 | |
| 200 | 1 | @a大领悟@ADa Ling Wu@e老板你该洗脑了@f赵树钢著@FZhao Shu Gang Zhu |
| 210 | @a郑州@c河南人民出版社@d2003.09 | |
| 215 | @a211页@d20cm | |
| 517 | @a老板你该洗脑了@ALao Ban Ni Gai Xi Nao Le | |
| 606 | 0 | @a企业经济 |
| 690 | @aF270-49@v3 | |
| 701 | 0 | @a赵树钢@AZhao Shu Gang@4著 |
| 801 | 0 | @aCN@bPFT@c20040423 |
| 905 | @dF270-49@eZ321 | |
| 大领悟:老板你该洗脑了/赵树钢著.-郑州:河南人民出版社,2003.09 |
| 211页;20cm |
| ISBN 7-215-05287-7:CNY 18.00 |
| ● |
| 相关链接 |
|
|
|
正题名:大领悟
索取号:F270-49/Z321
 
预约/预借
| 序号 | 登录号 | 条形码 | 馆藏地/架位号 | 状态 | 备注 |
| 1 | 385273 | 203852731 | 社科二线422/422社科库 27排1列1层/ [索取号:F270-49/Z321] | 在馆 | |
| 2 | 385274 | 203852740 | 社科二线422/409社科库 86排2列2层/ [索取号:F270-49/Z321] | 在馆 | |
| 3 | 385275 | 203852759 | 社科库409/409社科库 86排2列2层/ [索取号:F270-49/Z321] | 在馆 |